[Event "Tradewise Gibraltar Chess Festival 2014 "]
[Site "The Caleta Hotel - Gibraltar"]
[Date "2014.02.01"]
[Round "5.107"]
[White "Verneuil, Pascal"]
[Black "Steenbergen, Pepijn"]
[Result "1/2-1/2"]
[WhiteElo "2065"]
[BlackElo "1772"]
[PlyCount "60"]
[EventDate "2014.01.28"]

1. e4 Nf6 2. e5 Nd5 3. c4 Nb6 4. c5 Nd5 5. Nc3 e6 6. d4 d6 7. cxd6 cxd6 8. Nf3
Nc6 9. Nxd5 exd5 10. Be2 Be7 11. O-O O-O 12. Bf4 Be6 13. Qb3 Na5 14. Qd3 h6 15.
exd6 Bxd6 16. Ne5 Rc8 17. Rac1 Qh4 18. Qe3 Nc4 19. Bxc4 dxc4 20. Ng6 Bxf4 21.
Nxf4 Rfe8 22. Qf3 Qg4 23. Qxg4 Bxg4 24. f3 Bf5 25. Rfe1 Kf8 26. Kf2 Rxe1 27.
Kxe1 Ke7 28. Nd5+ Kd6 29. Ne3 Be6 30. Kd2 b5 1/2-1/2

[Event "Tradewise Gibraltar Chess Festival 2014 "]
[Site "The Caleta Hotel - Gibraltar"]
[Date "2014.02.01"]
[Round "5.108"]
[White "Dennis, Nigel W"]
[Black "Skutta, Bernd"]
[Result "0-1"]
[WhiteElo "1848"]
[BlackElo "2048"]
[PlyCount "150"]
[EventDate "2014.01.28"]

1. e4 d6 2. d4 Nf6 3. Nc3 Nbd7 4. Nf3 e5 5. dxe5 dxe5 6. Be2 Be7 7. O-O O-O 8.
h3 c6 9. Be3 Qc7 10. Nd2 b5 11. a3 Bb7 12. f4 Rad8 13. Qe1 a5 14. f5 Bc5 15.
Qf2 Qb6 16. Bxc5 Qxc5 17. Bf3 Qxf2+ 18. Rxf2 Nc5 19. b4 axb4 20. axb4 Na6 21.
Na2 c5 22. c3 Rd3 23. Re1 Rfd8 24. Nb3 c4 25. Nbc1 R3d6 26. g4 Nd7 27. Ne2 Nb6
28. Ng3 Na4 29. Kg2 Rd3 30. Rc2 Nc7 31. Kf2 Ne8 32. g5 g6 33. Re3 Ng7 34. Rxd3
Rxd3 35. Be2 Rxg3 36. Kxg3 Bxe4 37. Rd2 Nxf5+ 38. Kf2 Bb1 39. Bf3 e4 40. Rd8+
Kg7 41. Bd1 e3+ 42. Kf3 Bxa2 43. Bxa4 bxa4 44. b5 Bb1 45. b6 Be4+ 46. Ke2 a3
47. Rd7 Bd3+ 48. Ke1 a2 49. Ra7 Be4 50. Rxa2 Bf3 51. Ra7 Nd6 52. Rd7 Nb7 53.
Re7 e2 54. Kf2 Kf8 55. Re3 Bd5 56. Rxe2 Be6 57. h4 Ke7 58. Ke3 Kd6 59. Rb2 Kc6
60. Rb4 Kc5 61. Kf4 Kd6 62. Ke3 Kc6 63. Ke4 Nc5+ 64. Kd4 Nb3+ 65. Ke5 Kb7 66.
Kd6 Nc1 67. Rb5 Ne2 68. Kc5 Nxc3 69. Ra5 Ne4+ 70. Kb5 Nd6+ 71. Kc5 Nc8 72. Rb5
c3 73. Rb1 c2 74. Rc1 Bf5 75. Kd4 Kxb6 0-1

[Event "Tradewise Gibraltar Chess Festival 2014 "]
[Site "The Caleta Hotel - Gibraltar"]
[Date "2014.02.01"]
[Round "5.110"]
[White "Hamer, Martyn"]
[Black "Kristinsson, Magnus"]
[Result "1-0"]
[WhiteElo "2017"]
[BlackElo "1741"]
[PlyCount "69"]
[EventDate "2014.01.28"]

1. Nf3 Nf6 2. c4 g6 3. g3 Bg7 4. Bg2 O-O 5. O-O c6 6. d4 d6 7. Nc3 Nbd7 8. e4
Qc7 9. Rb1 b6 10. Re1 e5 11. h3 Bb7 12. b4 Rfe8 13. Be3 a5 14. a3 axb4 15. axb4
b5 16. cxb5 c5 17. bxc5 exd4 18. Nxd4 dxc5 19. Nc6 Ne5 20. Nd5 Qd6 21. Nde7+
Qxe7 22. Nxe7+ Rxe7 23. Qc2 c4 24. Bd4 Nd3 25. Re2 Rc8 26. e5 Nd5 27. f4 N5b4
28. Qd2 Bxg2 29. Kxg2 Rd7 30. Bc3 Bf8 31. Rxb4 Nxe5 32. Qe3 Bxb4 33. Bxb4 Nd3
34. Bc3 Rdd8 35. Qe7 1-0

[Event "Tradewise Gibraltar Chess Festival 2014 "]
[Site "The Caleta Hotel - Gibraltar"]
[Date "2014.02.01"]
[Round "5.111"]
[White "Holleland, Sigve"]
[Black "Goncalves, Jose Antonio Silvei"]
[Result "0-1"]
[WhiteElo "1812"]
[BlackElo "1999"]
[PlyCount "84"]
[EventDate "2014.01.28"]

1. c4 e5 2. Nc3 Nc6 3. g3 g6 4. Bg2 Bg7 5. d3 Nf6 6. Nf3 O-O 7. O-O d6 8. a3 a5
9. Rb1 Bd7 10. b4 axb4 11. axb4 Qc8 12. Bg5 Bh3 13. Bxf6 Bxf6 14. Nd5 Bd8 15.
Qd2 Bxg2 16. Kxg2 Kg7 17. Ra1 Ne7 18. Nc3 Ng8 19. Rxa8 Qxa8 20. Qb2 Qb8 21. Ra1
c6 22. Qa3 f5 23. Qa8 Bf6 24. Qxb8 Rxb8 25. e4 Ne7 26. b5 Kf7 27. Ne1 Bg5 28.
Nf3 Bf6 29. h4 h5 30. Ne1 Ke6 31. Ra5 Nc8 32. Nc2 Bd8 33. Ra2 Bb6 34. Nb4 Kd7
35. f3 Bd4 36. Ne2 Bc5 37. bxc6+ bxc6 38. Na6 Rb3 39. Nxc5+ dxc5 40. Rd2 Nd6
41. Kf2 Ke6 42. Ke3 Nxc4+ 0-1

[Event "Tradewise Gibraltar Chess Festival 2014 "]
[Site "The Caleta Hotel - Gibraltar"]
[Date "2014.02.01"]
[Round "5.112"]
[White "Spanton, Tim R"]
[Black "Neumanova, Monika"]
[Result "1-0"]
[WhiteElo "1995"]
[BlackElo "1719"]
[PlyCount "81"]
[EventDate "2014.01.28"]

1. d4 Nf6 2. Nf3 e6 3. Bf4 d5 4. e3 c5 5. c3 Nc6 6. Bd3 Be7 7. Nbd2 O-O 8. O-O
Nh5 9. Ne5 Nxf4 10. exf4 cxd4 11. Nxc6 bxc6 12. cxd4 Qb6 13. Nb3 Rb8 14. Qd2
Bb4 15. Qc2 h6 16. Rfc1 Bd7 17. Rab1 Be7 18. Nc5 Rfd8 19. b4 Be8 20. a4 a5 21.
bxa5 Qxa5 22. Nb7 Qa7 23. Nxd8 Rxd8 24. Qb3 Bf6 25. Rc2 Qxd4 26. g3 Ra8 27. Ra2
e5 28. fxe5 Bxe5 29. Bf1 Ra7 30. Re1 Bd7 31. a5 Bc7 32. a6 c5 33. Ree2 c4 34.
Qe3 Qxe3 35. fxe3 Bd6 36. Red2 Be6 37. Bg2 Rd7 38. a7 Rxa7 39. Rxa7 Bc5 40.
Ra8+ Kh7 41. Kf2 1-0

[Event "Tradewise Gibraltar Chess Festival 2014 "]
[Site "The Caleta Hotel - Gibraltar"]
[Date "2014.02.01"]
[Round "5.113"]
[White "Mehringer, Joerg"]
[Black "Magnusdottir, Veronika Steinun"]
[Result "0-1"]
[WhiteElo "1961"]
[BlackElo "1561"]
[PlyCount "53"]
[EventDate "2014.01.28"]

1. e4 e6 2. d4 c5 3. d5 exd5 4. exd5 d6 5. Nf3 Nf6 6. Be2 g6 7. O-O Qb6 8. Nc3
Bg7 9. Bb5+ Kf8 10. Re1 Bd7 11. Qe2 Kg8 12. Bf4 h6 13. Rab1 Nh5 14. Bd2 Nf6 15.
b4 Na6 16. bxc5 Qxc5 17. Bxd7 Nxd7 18. Rxb7 Ne5 19. Nxe5 Bxe5 20. Ne4 Qa3 21.
Qc4 Kg7 22. Rb3 Qxa2 23. Nc3 Qxc2 24. Rd1 Rac8 25. Qxa6 Qxb3 26. Rc1 Bxc3 27.
Qd3 0-1

[Event "Tradewise Gibraltar Chess Festival 2014 "]
[Site "The Caleta Hotel - Gibraltar"]
[Date "2014.02.01"]
[Round "5.115"]
[White "Lochte, Szilvia"]
[Black "Kuenitz, Klaus"]
[Result "1/2-1/2"]
[WhiteElo "1951"]
[BlackElo "1525"]
[PlyCount "83"]
[EventDate "2014.01.28"]

1. d4 f5 2. Bg5 g6 3. Nd2 Bg7 4. e4 fxe4 5. Nxe4 Nf6 6. Nxf6+ exf6 7. Be3 Qe7
8. c3 f5 9. Be2 Nc6 10. Qd2 b6 11. O-O-O Bb7 12. Nf3 d6 13. d5 Ne5 14. Bb5+ Kf8
15. Nd4 Bc8 16. h4 a6 17. Be2 h5 18. Bf4 Bd7 19. Nf3 Ng4 20. Bd3 Bf6 21. Rhe1
Qf7 22. Bc2 Kg7 23. Ng5 Bxg5 24. Bxg5 Rhe8 25. Qd4+ Kg8 26. f3 Ne5 27. Bb3 Qf8
28. Qd2 Nf7 29. Bf4 a5 30. Bc2 Rxe1 31. Rxe1 Re8 32. g4 Ne5 33. Bxe5 Rxe5 34.
Rxe5 dxe5 35. gxh5 gxh5 36. Qg5+ Qg7 37. Qxh5 Qg1+ 38. Bd1 Qe3+ 39. Kc2 Qf2+
40. Kc1 Qe3+ 41. Kc2 Qf2+ 42. Kc1 1/2-1/2

[Event "Tradewise Gibraltar Chess Festival 2014 "]
[Site "The Caleta Hotel - Gibraltar"]
[Date "2014.02.01"]
[Round "5.118"]
[White "Whatley, Stephen A J"]
[Black "Jacobsen, Fredrik Beer"]
[Result "1-0"]
[WhiteElo "1864"]
[BlackElo "1991"]
[PlyCount "84"]
[EventDate "2014.01.28"]

1. d4 Nf6 2. Nf3 e6 3. Bg5 Be7 4. Nbd2 d5 5. e3 b6 6. c3 Bb7 7. Bd3 Ne4 8. Bxe7
Qxe7 9. Ne5 O-O 10. Qc2 f5 11. O-O c5 12. Ndf3 g5 13. Be2 g4 14. Ne1 Ba6 15.
N1d3 Bxd3 16. Nxd3 Nd7 17. f3 gxf3 18. Bxf3 Kh8 19. Nf4 c4 20. b3 Rac8 21. Bxe4
fxe4 22. Rac1 Nf6 23. bxc4 Rxc4 24. Qf2 Rcc8 25. Qh4 Qe8 26. Nh3 Qg6 27. Nf4
Qe8 28. g4 Nxg4 29. Kh1 e5 30. Nxd5 Qe6 31. Ne7 Rce8 32. d5 Qxe7 33. Qxg4 Qa3
34. Rg1 Rg8 35. Qf5 Rgf8 36. Qxe4 Rf2 37. Qg4 Qe7 38. Rg3 Ref8 39. Rcg1 h6 40.
Qh3 Qh7 41. Rg6 R2f6 42. Qh5 Qxg6 1-0

[Event "Tradewise Gibraltar Chess Festival 2014 "]
[Site "The Caleta Hotel - Gibraltar"]
[Date "2014.02.01"]
[Round "5.119"]
[White "Edakina, Anastasia"]
[Black "Bajer, Renato"]
[Result "1/2-1/2"]
[WhiteElo "1756"]
[BlackElo "1914"]
[PlyCount "59"]
[EventDate "2014.01.28"]

1. e4 d5 2. exd5 Qxd5 3. Nc3 Qa5 4. d4 Nf6 5. Bd2 c6 6. Bc4 Bf5 7. Nge2 e6 8.
O-O Qc7 9. Bf4 Bd6 10. Bxd6 Qxd6 11. Ng3 Bg6 12. Re1 O-O 13. Nge4 Nxe4 14. Nxe4
Bxe4 15. Rxe4 Nd7 16. c3 Rad8 17. Bd3 h6 18. Qf3 Nc5 19. Re3 Nxd3 20. Rxd3 e5
21. Rad1 exd4 22. Rxd4 Qe7 23. Rxd8 Rxd8 24. Rxd8+ Qxd8 25. Qe2 Kf8 26. h3 Qd5
27. c4 Qd4 28. b3 c5 29. Kh2 Qf4+ 30. Kg1 1/2-1/2

[Event "Tradewise Gibraltar Chess Festival 2014 "]
[Site "The Caleta Hotel - Gibraltar"]
[Date "2014.02.01"]
[Round "5.120"]
[White "Kenney, David"]
[Black "Christophe-Hayot, Romain"]
[Result "1-0"]
[WhiteElo "1999"]
[BlackElo "1842"]
[PlyCount "129"]
[EventDate "2014.01.28"]

1. d4 Nf6 2. Nf3 e6 3. e3 b6 4. Bd3 Bb7 5. Nbd2 c5 6. O-O cxd4 7. exd4 Be7 8.
Re1 O-O 9. c3 d5 10. Ne5 Nbd7 11. f4 g6 12. Re3 Re8 13. Rh3 Nxe5 14. fxe5 Ne4
15. Qe1 f5 16. exf6 Nxf6 17. Qxe6+ Kg7 18. Qe1 Bc8 19. Re3 Ng4 20. Re2 Bd7 21.
Nf3 Bf6 22. Bf4 Rxe2 23. Qxe2 Qf8 24. Qd2 g5 25. Bxg5 Bxg5 26. Qxg5+ Kh8 27.
Qxd5 Nf6 28. Qg5 h6 29. Qd2 Bc6 30. Ne5 Be8 31. Rf1 Rd8 32. Ng4 Rd6 33. Qf4 Bc6
34. Nxf6 Qg7 35. g3 Re6 36. Qb8+ Be8 37. Nxe8 Qg8 38. Qxa7 Rxe8 39. Qxb6 Re6
40. Qc7 Re8 41. Qf4 Qg7 42. Qf6 h5 43. Qxg7+ Kxg7 44. b4 Re3 45. Rd1 Kf6 46.
Kf2 Re7 47. c4 Ra7 48. Rd2 Ra4 49. b5 Kg5 50. Kf3 h4 51. gxh4+ Kxh4 52. d5 Kg5
53. d6 Kf6 54. Re2 Ra3 55. Re3 Rxa2 56. c5 Rxh2 57. c6 Rh3+ 58. Kf4 Rh4+ 59.
Kf3 Rh3+ 60. Ke2 Rh2+ 61. Kd1 Rh4 62. Kc2 Rh2+ 63. Kc3 Rh5 64. d7 Rd5 65. Kc4
1-0

[Event "Tradewise Gibraltar Chess Festival 2014 "]
[Site "The Caleta Hotel - Gibraltar"]
[Date "2014.02.01"]
[Round "5.121"]
[White "Hermes, Geoff R"]
[Black "George, Lolomari Erekosima"]
[Result "0-1"]
[WhiteElo "1998"]
[BlackElo "1853"]
[PlyCount "42"]
[EventDate "2014.01.28"]

1. e4 d6 2. d4 Nf6 3. Nc3 g6 4. Nf3 Bg7 5. Be2 O-O 6. O-O a6 7. Bf4 b5 8. e5
Nfd7 9. Qd2 b4 10. Nd5 a5 11. Bh6 Bb7 12. Bxg7 Kxg7 13. Nf4 dxe5 14. dxe5 Bxf3
15. Bxf3 Nxe5 16. Qe2 Nxf3+ 17. Qxf3 Ra6 18. Rad1 Rd6 19. Rxd6 Qxd6 20. Rd1 Qf6
21. Qg3 Qxb2 0-1

[Event "Tradewise Gibraltar Chess Festival 2014 "]
[Site "The Caleta Hotel - Gibraltar"]
[Date "2014.02.01"]
[Round "5.122"]
[White "Nielsen, Peter"]
[Black "Olsen, Miriam F"]
[Result "1/2-1/2"]
[WhiteElo "1759"]
[BlackElo "1997"]
[PlyCount "63"]
[EventDate "2014.01.28"]

1. d4 Nf6 2. Nf3 e6 3. Bg5 d5 4. c4 Be7 5. Nc3 Nbd7 6. e3 c6 7. Qc2 a6 8. a4
dxc4 9. Bxc4 Nb6 10. Bd3 Nbd5 11. Nxd5 cxd5 12. O-O h6 13. Bh4 O-O 14. Ne5 Nd7
15. Bxe7 Qxe7 16. Qc7 Re8 17. Rfc1 Nxe5 18. Qxe5 f6 19. Qg3 e5 20. Bg6 Rd8 21.
f4 e4 22. f5 Rd6 23. Rc2 Rc6 24. Rac1 Bd7 25. Rxc6 Bxc6 26. a5 Rc8 27. Qe1 Qd6
28. Rc5 Kf8 29. Qc3 Ke7 30. Bh5 Qd7 31. Bg6 Qd6 32. Bh5 1/2-1/2

[Event "Tradewise Gibraltar Chess Festival 2014 "]
[Site "The Caleta Hotel - Gibraltar"]
[Date "2014.02.01"]
[Round "5.123"]
[White "Roser, Ludwig"]
[Black "Bauer, Dieter"]
[Result "1/2-1/2"]
[WhiteElo "1882"]
[BlackElo "1727"]
[PlyCount "77"]
[EventDate "2014.01.28"]

1. d4 Nf6 2. Nf3 c5 3. c3 e6 4. Bf4 b6 5. e3 Bb7 6. Nbd2 Be7 7. h3 O-O 8. Bd3
d6 9. O-O Nc6 10. Qe2 Nd7 11. e4 e5 12. Be3 Bf6 13. d5 Ne7 14. Nh2 Ng6 15. g3
Bc8 16. Ba6 Rb8 17. Bxc8 Qxc8 18. c4 Re8 19. a4 Ndf8 20. Kg2 Qd7 21. Nb1 h6 22.
Nc3 Nh7 23. Qg4 Qe7 24. h4 Kh8 25. a5 bxa5 26. Rxa5 Rxb2 27. Rfa1 Nf4+ 28. gxf4
exf4 29. Rxa7 Qd8 30. Bc1 Bxc3 31. Bxb2 Bxb2 32. Rb1 Nf6 33. Qd1 Bd4 34. f3 Nd7
35. Rbb7 Ne5 36. Qe1 Qf6 37. Kh1 Qg6 38. Ra2 Qf6 39. Rg2 1/2-1/2

[Event "Tradewise Gibraltar Chess Festival 2014 "]
[Site "The Caleta Hotel - Gibraltar"]
[Date "2014.02.02"]
[Round "6.16"]
[White "Muzychuk, Mariya"]
[Black "Edouard, Romain"]
[Result "0-1"]
[WhiteElo "2503"]
[BlackElo "2658"]
[PlyCount "88"]
[EventDate "2014.01.28"]

1. e4 c5 2. Nf3 d6 3. d4 cxd4 4. Nxd4 Nf6 5. Nc3 a6 6. Be3 e5 7. Nf3 Be7 8. Bc4
O-O 9. O-O Be6 10. Bb3 b5 11. Qe2 h6 12. Nh4 b4 13. Na4 Nbd7 14. Ng6 Bxb3 15.
Nxe7+ Qxe7 16. axb3 Nxe4 17. Qc4 Nef6 18. Qxb4 Qe6 19. f4 Nd5 20. Qd2 Nxe3 21.
Qxe3 f6 22. Rfd1 Rfe8 23. Qd2 exf4 24. Qxf4 Ne5 25. Nb6 Rab8 26. Nd5 Rec8 27.
Qe4 f5 28. Qe2 Rc5 29. Nf4 Qc8 30. Rxd6 Qc7 31. Rad1 Nf7 32. Ne6 Rxc2 33. Qxa6
Qe7 34. Rb6 Rxb6 35. Qxb6 Kh7 36. Rf1 Nd6 37. Nf4 Rxb2 38. Rd1 Rd2 39. Rf1 Qe4
40. Qa6 g5 41. Qa7+ Nb7 42. Qa5 Qe3+ 43. Kh1 Qxf4 44. Qb5 Qe4 0-1

[Event "Tradewise Gibraltar Chess Festival 2014 "]
[Site "The Caleta Hotel - Gibraltar"]
[Date "2014.02.02"]
[Round "6.17"]
[White "Pardo Simon, David"]
[Black "Sandipan, Chanda"]
[Result "1-0"]
[WhiteElo "2450"]
[BlackElo "2609"]
[PlyCount "125"]
[EventDate "2014.01.28"]

1. d4 d5 2. c4 e6 3. Nc3 Bb4 4. a3 Bxc3+ 5. bxc3 Nf6 6. e3 O-O 7. cxd5 exd5 8.
Bd3 c5 9. Ne2 b6 10. O-O Ba6 11. Bb2 Re8 12. Bxa6 Nxa6 13. Qd3 c4 14. Qc2 Qd7
15. Rae1 Re7 16. Ng3 Rae8 17. Bc1 Ne4 18. Nh5 Qf5 19. Nf4 g5 20. Nh3 h6 21. f3
Ng3 22. Rf2 Qxc2 23. Rxc2 Nf5 24. Rce2 Nh4 25. e4 f6 26. Nf2 Kf7 27. e5 f5 28.
Nh3 Nc7 29. Rf1 Ne6 30. f4 g4 31. Nf2 Nd8 32. h3 h5 33. Kh2 Ng6 34. hxg4 hxg4
35. Kg3 Rg8 36. Rh1 Ke6 37. Ree1 Nf7 38. Rh5 Ree8 39. Reh1 b5 40. a4 bxa4 41.
Ba3 Rb8 42. Rxf5 Kxf5 43. Rh5+ Ke6 44. f5+ Kd7 45. e6+ Ke8 46. Nxg4 Nf8 47. Kf4
Rxg4+ 48. Kxg4 Rb3 49. Bc5 a3 50. exf7+ Kxf7 51. Rh6 Nd7 52. Ra6 Nxc5 53. dxc5
Rxc3 54. Rxa7+ Kf6 55. Ra6+ Ke5 56. c6 Kd6 57. f6 Rc2 58. Kg3 Rc3+ 59. Kh2 Rc1
60. Rxa3 c3 61. c7 Kxc7 62. Rxc3+ Rxc3 63. f7 1-0

[Event "Tradewise Gibraltar Chess Festival 2014 "]
[Site "The Caleta Hotel - Gibraltar"]
[Date "2014.02.02"]
[Round "6.18"]
[White "Van Kampen, Robin"]
[Black "Pogonina, Natalija"]
[Result "1/2-1/2"]
[WhiteElo "2602"]
[BlackElo "2495"]
[PlyCount "76"]
[EventDate "2014.01.28"]

1. e4 e5 2. Nf3 Nc6 3. Bb5 a6 4. Ba4 Nf6 5. O-O b5 6. Bb3 Bb7 7. d3 Be7 8. a4
O-O 9. Re1 d6 10. Nbd2 Qd7 11. Nf1 Nd8 12. Ng3 Ne6 13. c3 c5 14. Ng5 Nxg5 15.
Bxg5 Ne8 16. Be3 g6 17. axb5 axb5 18. Rxa8 Bxa8 19. Bh6 Ng7 20. Qf3 Bc6 21. Nf1
Qb7 22. Ne3 c4 23. dxc4 Bxe4 24. Qe2 b4 25. Bc2 Bc6 26. c5 dxc5 27. Nf5 Nxf5
28. Bxf5 Rd8 29. Qxe5 Bf8 30. Bxf8 Rxf8 31. Be4 Bxe4 32. Qxe4 Qxe4 33. Rxe4 Rd8
34. Kf1 Rd1+ 35. Re1 Rd2 36. Re2 Rd1+ 37. Re1 Rd2 38. Re2 Rd1+ 1/2-1/2

[Event "Tradewise Gibraltar Chess Festival 2014 "]
[Site "The Caleta Hotel - Gibraltar"]
[Date "2014.02.02"]
[Round "6.19"]
[White "Zhukova, Natalia"]
[Black "Salgado Lopez, Ivan"]
[Result "1/2-1/2"]
[WhiteElo "2449"]
[BlackElo "2597"]
[PlyCount "188"]
[EventDate "2014.01.28"]

1. d4 Nf6 2. c4 g6 3. Nc3 d5 4. Bf4 Bg7 5. e3 O-O 6. Nf3 c5 7. dxc5 Ne4 8. Rc1
Nxc3 9. bxc3 dxc4 10. Qxd8 Rxd8 11. Bxc4 Nd7 12. Bc7 Rf8 13. c6 bxc6 14. Nd4
Bb7 15. Rb1 Nc5 16. O-O Rfc8 17. Bg3 Ba6 18. Bxa6 Nxa6 19. Rb7 Bf6 20. Rfb1 h5
21. h3 h4 22. Bh2 e5 23. Nb3 Rd8 24. Na5 Rd6 25. Nc4 Re6 26. e4 Nc5 27. Rb8+
Rxb8 28. Rxb8+ Kg7 29. f3 Na4 30. Rb3 c5 31. Ra3 Nb6 32. Ne3 Re7 33. Ra5 Bg5
34. Ng4 f6 35. Rxc5 Rd7 36. a3 Na4 37. Rc6 Nb2 38. Ra6 Nd1 39. c4 Ne3 40. c5
Nxg4 41. hxg4 Be3+ 42. Kf1 Bxc5 43. g5 Bb6 44. gxf6+ Kxf6 45. Ke2 Rc7 46. Kd1
Rc5 47. Bg1 Rb5 48. Be3 Rb2 49. Bd2 Ra2 50. a4 Ke7 51. a5 Kd7 52. Bg5 Kc6 53.
Bxh4 Kb5 54. axb6 Rxa6 55. bxa7 Rxa7 56. Bf6 Ra2 57. Bxe5 Rxg2 58. Ke1 Kc4 59.
Kf1 Ra2 60. Bg3 Kd3 61. Bf2 Ra5 62. Bb6 Ra6 63. Bc5 Rc6 64. Ba7 Rc7 65. Bb6 Rf7
66. Kf2 Rb7 67. Bc5 Kc4 68. Be3 Rb3 69. Ba7 Kd3 70. Bc5 Kd2 71. Ba7 Kd3 72. Bc5
Rb5 73. Ba7 Rb7 74. Bc5 Kc4 75. Be3 Rb3 76. Ba7 Ra3 77. Bb6 Kb5 78. Bd4 Kc6 79.
Kg3 Kd7 80. Kg4 Ke6 81. Bb2 Ra2 82. Bd4 Rg2+ 83. Kf4 Kf7 84. Bc3 Kg8 85. Bf6
Kh7 86. Ke5 Kh6 87. f4 Re2 88. Kd5 Kh5 89. Bd4 Re1 90. Bb6 Rf1 91. e5 Rxf4 92.
e6 Rf8 93. e7 Re8 94. Ke6 Rxe7+ 1/2-1/2

[Event "Tradewise Gibraltar Chess Festival 2014 "]
[Site "The Caleta Hotel - Gibraltar"]
[Date "2014.02.02"]
[Round "6.21"]
[White "Vocaturo, Daniele"]
[Black "Akesson, Ralf"]
[Result "0-1"]
[WhiteElo "2582"]
[BlackElo "2447"]
[PlyCount "108"]
[EventDate "2014.01.28"]

1. e4 c6 2. d4 d5 3. exd5 cxd5 4. c4 Nf6 5. Nc3 e6 6. Nf3 Bb4 7. cxd5 Nxd5 8.
Qc2 Nc6 9. a3 Bd6 10. Bd3 Nce7 11. O-O Bd7 12. Ne4 Bc6 13. Ne5 h6 14. Qe2 O-O
15. Ng3 Nf6 16. b4 Rc8 17. Bd2 Bc7 18. b5 Be8 19. Ne4 Nxe4 20. Qxe4 f5 21. Qe3
Nd5 22. Qe2 Bb6 23. Nf3 Qf6 24. Rae1 Bf7 25. Ne5 Rfe8 26. Be3 Rcd8 27. Qb2 Ba5
28. Bd2 Bb6 29. a4 Ne7 30. Bc3 Nd5 31. a5 Bc7 32. Bd2 Bd6 33. Re2 Rc8 34. Rfe1
Bxe5 35. Rxe5 Rcd8 36. Bc2 Rd6 37. Bb3 Red8 38. h3 b6 39. a6 Nc7 40. Bb4 R6d7
41. Qc1 Nd5 42. Bd2 Rc7 43. Qd1 Rcd7 44. Qf3 Qh4 45. Qd3 Nf6 46. Bc3 Ne4 47.
R5xe4 fxe4 48. Rxe4 Qh5 49. Qg3 Qxb5 50. d5 e5 51. Qxe5 Bg6 52. Rg4 Qxb3 53.
Qe6+ Rf7 54. Bf6 Qxd5 0-1

[Event "Tradewise Gibraltar Chess Festival 2014 "]
[Site "The Caleta Hotel - Gibraltar"]
[Date "2014.02.02"]
[Round "6.22"]
[White "Georgiadis, Nico"]
[Black "Fier, Alexandr"]
[Result "0-1"]
[WhiteElo "2436"]
[BlackElo "2572"]
[PlyCount "86"]
[EventDate "2014.01.28"]

1. e4 c5 2. Nf3 Nc6 3. Nc3 g6 4. d4 cxd4 5. Nxd4 Bg7 6. Be3 Nf6 7. Bc4 O-O 8.
Bb3 d6 9. h3 Na5 10. O-O a6 11. f4 Qc7 12. Qe2 b5 13. a3 Nxb3 14. cxb3 Bb7 15.
Bf2 Nh5 16. Qf3 e5 17. fxe5 dxe5 18. Nf5 gxf5 19. Qxh5 fxe4 20. Qf5 Qc8 21.
Qxc8 Raxc8 22. b4 f5 23. Rae1 Rcd8 24. Bc5 Rf7 25. Re2 Rd3 26. g4 Rxh3 27. Rxf5
Rg3+ 28. Kh2 Rxg4 29. Rxf7 Kxf7 30. Rd2 Ke8 31. Rd6 Rg6 32. Rxg6 hxg6 33. Nd1
Bd5 34. Nc3 Bc6 35. Nd1 Bh6 36. Kg3 Bf4+ 37. Kf2 Kf7 38. Ne3 Bd7 39. Kg2 Be6
40. Bb6 g5 41. Bc5 Kg6 42. Bb6 Kh5 43. Bc5 Bg4 0-1

[Event "Tradewise Gibraltar Chess Festival 2014 "]
[Site "The Caleta Hotel - Gibraltar"]
[Date "2014.02.02"]
[Round "6.23"]
[White "Salem, A.R. Saleh"]
[Black "Javakhishvili, Lela"]
[Result "1/2-1/2"]
[WhiteElo "2564"]
[BlackElo "2430"]
[PlyCount "77"]
[EventDate "2014.01.28"]

1. d4 Nf6 2. c4 e6 3. Nf3 b6 4. a3 Bb7 5. Nc3 d5 6. Qc2 Be7 7. cxd5 Nxd5 8. Bd2
c5 9. dxc5 bxc5 10. e4 Nxc3 11. Bxc3 O-O 12. Rd1 Qc7 13. Bd3 Nd7 14. O-O Rfd8
15. Rfe1 Rac8 16. Bb5 c4 17. Bxd7 Rxd7 18. Qe2 Rxd1 19. Rxd1 Qc6 20. Re1 Qc7
21. h3 Bf8 22. Qe3 Qb6 23. Qf4 f6 24. Qg4 e5 25. Rd1 Re8 26. Nd2 Qc6 27. Qe2
Rd8 28. Rc1 Ba6 29. Nf1 Bc5 30. Kh2 Qb6 31. Rc2 Rd3 32. h4 Qd8 33. Ng3 g6 34.
Nf1 Qd7 35. h5 Qg7 36. Ng3 Qd7 37. Nf1 Qg7 38. Ng3 Qd7 39. Nf1 1/2-1/2

[Event "Tradewise Gibraltar Chess Festival 2014 "]
[Site "The Caleta Hotel - Gibraltar"]
[Date "2014.02.02"]
[Round "6.24"]
[White "Solomon, Kenny"]
[Black "Anton Guijarro, David"]
[Result "1/2-1/2"]
[WhiteElo "2351"]
[BlackElo "2557"]
[PlyCount "141"]
[EventDate "2014.01.28"]

1. Nf3 f5 2. b3 d6 3. d4 Nf6 4. Bb2 g6 5. e3 Bg7 6. Bc4 c6 7. O-O d5 8. Bd3 O-O
9. c4 Kh8 10. Nc3 Be6 11. Ne2 Bg8 12. Nf4 e6 13. Ba3 Re8 14. Ne5 Nbd7 15. cxd5
Nxe5 16. dxe5 Nxd5 17. Nxd5 exd5 18. f4 Qb6 19. Qd2 c5 20. Rac1 Bf8 21. Bb2 Be6
22. Bc3 a5 23. Rb1 Red8 24. Qe2 Qc7 25. a4 c4 26. bxc4 dxc4 27. Bc2 Rd7 28.
Rfd1 Rad8 29. Rd6 Re8 30. Rbb6 Rde7 31. Bxa5 Qc8 32. Bc3 Kg8 33. Rb1 Rd7 34.
Rxd7 Qxd7 35. Rd1 Qc7 36. Rb1 Bc5 37. h3 b6 38. Kh2 Qe7 39. Bd4 Rc8 40. Bxc5
Qxc5 41. Qd2 c3 42. Qd6 Qxd6 43. exd6 Rc6 44. Rd1 Bd7 45. Kg3 Kf7 46. Kf2 Ke6
47. Bb3+ Kf6 48. Bc2 Ke6 49. Bb3+ Kf6 50. g4 h6 51. gxf5 gxf5 52. Bc2 Ke6 53.
Bb3+ Kf6 54. Bc2 Ke6 55. Ke2 Be8 56. Ke1 Rc5 57. Rb1 b5 58. axb5 Rxb5 59. Rxb5
Bxb5 60. Kd1 Bd7 61. Bb3+ Kxd6 62. Kc2 Bc6 63. Kxc3 Bg2 64. h4 Bf3 65. Kd4 Bg2
66. Bg8 Bf3 67. Bh7 Bg4 68. Bg8 Bf3 69. Bc4 Bg4 70. Ba6 Bf3 71. Bf1 1/2-1/2

[Event "Tradewise Gibraltar Chess Festival 2014 "]
[Site "The Caleta Hotel - Gibraltar"]
[Date "2014.02.02"]
[Round "6.25"]
[White "Gopal, G.N."]
[Black "Tari, Aryan"]
[Result "1/2-1/2"]
[WhiteElo "2550"]
[BlackElo "2408"]
[PlyCount "71"]
[EventDate "2014.01.28"]

1. e4 c5 2. Nf3 d6 3. Bb5+ Bd7 4. Bxd7+ Qxd7 5. c4 Nc6 6. Nc3 Nf6 7. d4 cxd4 8.
Nxd4 g6 9. b3 Bg7 10. Bb2 O-O 11. O-O e6 12. Re1 Rfd8 13. Rc1 Nxd4 14. Qxd4 d5
15. e5 dxc4 16. Qxc4 Rac8 17. Qe2 Nd5 18. Nxd5 Rxc1 19. Rxc1 Qxd5 20. g3 Bf8
21. Rc2 h6 22. h4 Kg7 23. Bc1 b6 24. Rd2 Qa8 25. Rxd8 Qxd8 26. Be3 Qd5 27. Qa6
Bc5 28. Bxc5 Qxc5 29. Qxa7 Qc1+ 30. Kg2 Qc6+ 31. Kg1 Qc1+ 32. Kh2 Qc5 33. Kg2
Qc6+ 34. Kf1 Qc1+ 35. Ke2 Qc2+ 36. Kf1 1/2-1/2

[Event "Tradewise Gibraltar Chess Festival 2014 "]
[Site "The Caleta Hotel - Gibraltar"]
[Date "2014.02.02"]
[Round "6.26"]
[White "Short, Nigel D"]
[Black "Studer, Noel"]
[Result "1-0"]
[WhiteElo "2683"]
[BlackElo "2337"]
[PlyCount "79"]
[EventDate "2014.01.28"]

1. c4 Nf6 2. Nc3 e6 3. Nf3 d5 4. e3 a6 5. d4 c5 6. a3 Nc6 7. h3 h6 8. cxd5 exd5
9. Bd3 Bd6 10. dxc5 Bxc5 11. b4 Ba7 12. O-O O-O 13. Bb2 Be6 14. Ne2 Rc8 15. Nf4
Qe7 16. Rc1 Rfd8 17. Re1 Ne4 18. Bb1 Rc7 19. Qb3 Rcd7 20. Red1 Bb8 21. Nd4 Nxd4
22. Bxd4 Qh4 23. Bxe4 Bxf4 24. Bb1 Bb8 25. Qc2 f5 26. Rd3 Rf7 27. Rc3 Re8 28.
Qd3 g5 29. Qf1 f4 30. Bg6 f3 31. Bxf7+ Kxf7 32. Qd3 Qe4 33. gxf3 Qxd3 34. Rxd3
Bxh3 35. Bb6 Be6 36. Bc7 Ba7 37. a4 Rc8 38. a5 Bd7 39. Rxd5 Bc6 40. Bg3 1-0

[Event "Tradewise Gibraltar Chess Festival 2014 "]
[Site "The Caleta Hotel - Gibraltar"]
[Date "2014.02.02"]
[Round "6.27"]
[White "Zude, Arno"]
[Black "Sutovsky, Emil"]
[Result "0-1"]
[WhiteElo "2400"]
[BlackElo "2663"]
[PlyCount "80"]
[EventDate "2014.01.28"]

1. e4 c5 2. Nf3 d6 3. d4 cxd4 4. Nxd4 Nf6 5. Nc3 a6 6. Be2 e5 7. Nb3 Be7 8. O-O
O-O 9. Kh1 Nc6 10. f4 b5 11. a4 Bb7 12. Bf3 Nb4 13. Qe2 Qc7 14. Rd1 Nxc2 15.
Qxc2 b4 16. Bd2 bxc3 17. Bxc3 Rac8 18. fxe5 dxe5 19. Qe2 Qb6 20. Nc1 Qe6 21.
Nd3 Rc4 22. Bxe5 Rxe4 23. Qf1 Ng4 24. Bxe4 Bxe4 25. Qf4 Bxd3 26. Bxg7 Rd8 27.
Bc3 Be4 28. Rxd8+ Bxd8 29. Re1 f5 30. h3 Nh6 31. Qb8 Nf7 32. Rd1 Bxg2+ 33. Kh2
Bd5 34. Re1 Qc6 35. Qg3+ Ng5 36. h4 Bc7 37. Be5 Qc2+ 38. Kg1 Bb6+ 39. Re3 Bxe3+
40. Qxe3 Qg2# 0-1